[Event "Lichtenrader Herbst 2012"]
[Site "Berlin - Lichtenrade"]
[Date "2012.09.29"]
[Round "1.1"]
[White "Danin, Alexandre"]
[Black "Deubler, Bastian"]
[Result "1-0"]
[WhiteElo "2568"]
[BlackElo "1880"]
[PlyCount "69"]
[EventDate "2012.??.??"]
[WhiteTeam "Wuppertal Tornado SC"]
[BlackTeam "Leipzig Turm SG"]

1. e4 e6 2. d4 d5 3. Nc3 Nf6 4. e5 Nfd7 5. f4 c5 6. Nf3 Nc6 7. Be3 Be7 8. Qd2
a6 9. Be2 b5 10. a3 O-O 11. O-O Qb6 12. Kh1 f6 13. exf6 Nxf6 14. Rad1 Bd7 15.
Bg1 Rac8 16. f5 c4 17. fxe6 Bxe6 18. Ng5 Bf7 19. Bf3 b4 20. Na4 Qb5 21. Nc5 h6
22. a4 Qb8 23. Nxf7 Rxf7 24. Nxa6 Qd6 25. Nc5 Rcf8 26. Rfe1 Ne4 27. Nxe4 dxe4
28. Bxe4 Bh4 29. g3 Bg5 30. Qe2 Kh8 31. Qxc4 Ne7 32. Qd3 Qd8 33. d5 Nc8 34. Bg2
h5 35. Qe2 1-0

[Event "Lichtenrader Herbst 2012"]
[Site "Berlin - Lichtenrade"]
[Date "2012.09.29"]
[Round "1.2"]
[White "Cirkovic, Rade"]
[Black "Romanishin, Oleg M"]
[Result "0-1"]
[WhiteElo "1923"]
[BlackElo "2526"]
[PlyCount "68"]
[EventDate "2012.??.??"]
[WhiteTeam "BerlinDragojle BabicSK"]

1. e4 c5 2. Nf3 g6 3. d4 Bg7 4. c3 Qa5 5. Be3 cxd4 6. Bxd4 Nf6 7. e5 Ng4 8. e6
f6 9. h3 Nh6 10. exd7+ Bxd7 11. Qb3 Nc6 12. Bd3 Nf5 13. Bxf5 Qxf5 14. O-O Na5
15. Qb4 b6 16. Re1 e5 17. Be3 Nc6 18. Qc4 Qe6 19. Nbd2 Qxc4 20. Nxc4 Be6 21.
Nd6+ Ke7 22. Nb5 Rad8 23. b3 Rd7 24. Rad1 Rhd8 25. Rxd7+ Rxd7 26. Kf1 Bf5 27.
c4 Kf7 28. Rc1 Bf8 29. Ke1 Nb4 30. Rd1 Bd3 31. Na3 Nxa2 32. Nc2 Ke8 33. Ra1
Bxc2 34. Rxa2 Bxb3 0-1

[Event "Lichtenrader Herbst 2012"]
[Site "Berlin - Lichtenrade"]
[Date "2012.09.29"]
[Round "1.3"]
[White "Rabiega, Robert"]
[Black "Stallmann, Andreas"]
[Result "1-0"]
[WhiteElo "2515"]
[BlackElo "1799"]
[PlyCount "53"]
[EventDate "2012.??.??"]
[WhiteTeam "Tegel 1949 König SK"]
[BlackTeam "SC Ottensheim"]

1. e4 c5 2. c3 Nf6 3. e5 Nd5 4. Nf3 Nc6 5. Bc4 Nb6 6. Bb3 d5 7. exd6 Qxd6 8.
O-O e6 9. d4 cxd4 10. cxd4 Be7 11. Nc3 a6 12. Be3 Nd5 13. Rc1 O-O 14. Qe2 Re8
15. Rfd1 Bd7 16. Ne4 Qc7 17. Ne5 Rac8 18. Qh5 Rf8 19. Ng5 Nf6 20. Qh3 g6 21.
Nxd7 Qxd7 22. Nxe6 Rfe8 23. Ng5 Qxh3 24. Bxf7+ Kg7 25. gxh3 Rf8 26. Be6 Rcd8
27. Bb3 1-0

[Event "Lichtenrader Herbst 2012"]
[Site "Berlin - Lichtenrade"]
[Date "2012.09.29"]
[Round "1.4"]
[White "Huebner, Alan-Ari"]
[Black "Stern, Rene"]
[Result "0-1"]
[WhiteElo "1774"]
[BlackElo "2517"]
[PlyCount "84"]
[EventDate "2012.??.??"]
[WhiteTeam "Berlin Makkabi TuS"]
[BlackTeam "Tegel 1949 König SK"]

1. d4 Nf6 2. c4 e6 3. Nc3 Bb4 4. e3 O-O 5. Bd3 d6 6. Nge2 e5 7. O-O Nc6 8. d5
Ne7 9. e4 Ng6 10. a3 Bxc3 11. Nxc3 a5 12. Bd2 Nf4 13. Bxf4 exf4 14. f3 Nd7 15.
Qd2 Qf6 16. Ne2 g5 17. Qc3 Qxc3 18. Nxc3 Nc5 19. Bc2 a4 20. Nb5 Bd7 21. Nd4 Kg7
22. Rfe1 Kf6 23. b4 axb3 24. Nxb3 Nxb3 25. Bxb3 Ke5 26. Red1 Ra5 27. Ra2 Rfa8
28. Rda1 Ba4 29. Rb1 b6 30. Kf2 Bxb3 31. Rxb3 Ra4 32. Rc3 Kd4 33. Rcc2 Rxa3 34.
Rxa3 Rxa3 35. Ke2 h5 36. h3 h4 37. Kd2 Ra4 38. Rb2 f6 39. Kd1 Ra1+ 40. Ke2 Kc3
41. Rd2 Rc1 42. Ra2 Rc2+ 0-1

[Event "Lichtenrader Herbst 2012"]
[Site "Berlin - Lichtenrade"]
[Date "2012.09.29"]
[Round "1.5"]
[White "Hansen, Torbjorn Ringdal"]
[Black "Grassi, Fabrizio"]
[Result "1-0"]
[WhiteElo "2458"]
[BlackElo "1938"]
[PlyCount "79"]
[EventDate "2012.??.??"]
[BlackTeam "Berlin-Friedrichstadt SV"]

1. e4 d5 2. exd5 Nf6 3. Bb5+ Bd7 4. Be2 Nxd5 5. d4 Bf5 6. Nf3 e6 7. O-O Nc6 8.
h3 Bd6 9. c4 Nf4 10. Bxf4 Bxf4 11. d5 Ne7 12. Qd4 e5 13. Nxe5 Bxe5 14. Qxe5 O-O
15. Nc3 a6 16. Rfe1 Qd7 17. Bf3 Rfe8 18. c5 Rad8 19. Rad1 Ng6 20. Qd4 Rxe1+ 21.
Rxe1 Ne7 22. Qb4 c6 23. d6 Ng6 24. Na4 Be6 25. Nb6 Qe8 26. Bg4 Nf8 27. Qd4 Nd7
28. Nxd7 Qxd7 29. Bxe6 fxe6 30. Qe5 Re8 31. Re3 h6 32. h4 Qf7 33. Rf3 Qd7 34.
Rg3 Qf7 35. h5 Kh7 36. Qe4+ Kg8 37. Qg6 Qxg6 38. hxg6 e5 39. Rf3 e4 40. Rf7 1-0

[Event "Lichtenrader Herbst 2012"]
[Site "Berlin - Lichtenrade"]
[Date "2012.09.29"]
[Round "1.6"]
[White "Kather, Yannick"]
[Black "Kalinitschew, Sergey"]
[Result "0-1"]
[WhiteElo "1861"]
[BlackElo "2469"]
[PlyCount "50"]
[EventDate "2012.??.??"]
[WhiteTeam "Berlin Weisse Dame SC"]
[BlackTeam "Kreuzberg SC"]

1. e4 c5 2. Nc3 e6 3. g3 d5 4. Bg2 d4 5. Nce2 d3 6. cxd3 Nc6 7. Nf3 Nf6 8. O-O
Be7 9. Qa4 O-O 10. d4 b5 11. Qxb5 Rb8 12. Qd3 Nb4 13. Qc3 Nxe4 14. Qe3 Nf6 15.
Rb1 Ba6 16. Ne5 cxd4 17. Nxd4 Bc5 18. Ndc6 Bxe3 19. Nxd8 Bd4 20. Ndc6 Bxe5 21.
Nxe5 Bxf1 22. Bxf1 Nxa2 23. Nc6 Rb6 24. b4 Rxc6 25. Ba3 Rc2 0-1

[Event "Lichtenrader Herbst 2012"]
[Site "Berlin - Lichtenrade"]
[Date "2012.09.29"]
[Round "1.7"]
[White "Meister, Jakob"]
[Black "Gressmann, Moritz"]
[Result "1-0"]
[WhiteElo "2484"]
[BlackElo "1834"]
[PlyCount "57"]
[EventDate "2012.??.??"]
[WhiteTeam "Zehlendorf SK"]
[BlackTeam "Berlin Weißensee Chemie BSV"]

1. d4 d5 2. Bf4 Nf6 3. e3 e6 4. Nf3 c5 5. c3 Nc6 6. Nbd2 Bd6 7. Bg5 cxd4 8.
exd4 h6 9. Bh4 Be7 10. Bd3 O-O 11. O-O a6 12. Qe2 b5 13. a3 Bb7 14. Ne5 Nxe5
15. dxe5 Nd7 16. Bxe7 Qxe7 17. f4 Nb6 18. Nf3 Nc4 19. Nd4 Bc8 20. Rae1 Bd7 21.
Rf3 a5 22. Rg3 Kh8 23. Bb1 b4 24. axb4 axb4 25. Qc2 g6 26. Qc1 Kg7 27. f5 exf5
28. Bxf5 Kh7 29. Rh3 1-0

[Event "Lichtenrader Herbst 2012"]
[Site "Berlin - Lichtenrade"]
[Date "2012.09.29"]
[Round "1.8"]
[White "Wolf, Mario"]
[Black "Von Herman, Ulf"]
[Result "0-1"]
[WhiteElo "1767"]
[BlackElo "2416"]
[PlyCount "60"]
[EventDate "2012.??.??"]
[WhiteTeam "Lichtenrade Schwarz-Weiß SC"]
[BlackTeam "Tegel 1949 König SK"]

1. c4 c5 2. Nc3 Nc6 3. g3 g6 4. Bg2 Bg7 5. Nf3 Nh6 6. d3 Nf5 7. g4 Nfd4 8. e3
Nxf3+ 9. Bxf3 a6 10. Bxc6 bxc6 11. e4 Rb8 12. Qc2 O-O 13. O-O d6 14. f3 f5 15.
exf5 gxf5 16. g5 f4 17. Bd2 Bh3 18. Kh1 Qe8 19. Rae1 Qh5 20. b3 Bxf1 21. Rxf1
Bxc3 22. Bxc3 Rf5 23. Qe2 e5 24. Qe4 Rxg5 25. Qxc6 Qg6 26. Ba5 Kh8 27. Qe4 Qg7
28. Be1 Rg8 29. Bf2 Rh5 30. Qe2 Qg2# 0-1

[Event "Lichtenrader Herbst 2012"]
[Site "Berlin - Lichtenrade"]
[Date "2012.09.29"]
[Round "1.9"]
[White "Colpe, Malte"]
[Black "Heldt, Ronny"]
[Result "1-0"]
[WhiteElo "2349"]
[BlackElo "1774"]
[PlyCount "53"]
[EventDate "2012.??.??"]
[WhiteTeam "Hamburger SK"]
[BlackTeam "Kreuzberg SC"]

1. d4 e6 2. c4 d5 3. Nc3 Nf6 4. cxd5 exd5 5. Bg5 Nbd7 6. e3 c6 7. Bd3 Bd6 8.
Qc2 Be7 9. Nge2 O-O 10. Ng3 Re8 11. h4 Nf8 12. O-O-O Be6 13. Nf5 Rc8 14. h5 a6
15. h6 g6 16. Nxe7+ Qxe7 17. Rh4 N8d7 18. Rf4 c5 19. dxc5 Rxc5 20. Qe2 Rec8 21.
Kb1 d4 22. Bxf6 Nxf6 23. Rxd4 Nd7 24. Ne4 Ra5 25. Bc4 Bf5 26. f3 Nc5 27. Qd2
1-0

[Event "Lichtenrader Herbst 2012"]
[Site "Berlin - Lichtenrade"]
[Date "2012.09.29"]
[Round "1.10"]
[White "Wierzbicki, Jirawat"]
[Black "Wendt, Jan-Dietrich"]
[Result "0-1"]
[WhiteElo "1627"]
[BlackElo "2362"]
[PlyCount "58"]
[EventDate "2012.??.??"]
[WhiteTeam "Berlin Makkabi TuS"]
[BlackTeam "Berlin 1903 Sfrd."]

1. e4 c5 2. c3 Nf6 3. e5 Nd5 4. Nf3 e6 5. d4 cxd4 6. cxd4 d6 7. Bc4 Nc6 8. Qe2
Be7 9. O-O O-O 10. Nc3 Nxc3 11. bxc3 dxe5 12. dxe5 Qa5 13. Bd2 Rd8 14. Rad1 b6
15. h3 Bb7 16. Rfe1 Rac8 17. Bb3 Qa6 18. Bc4 Qa3 19. Rb1 Na5 20. Bb3 Nxb3 21.
axb3 Bxf3 22. gxf3 Qa2 23. Red1 Qc2 24. Kf1 Qf5 25. Kg2 Rd5 26. f4 Qc2 27. Ra1
Rcd8 28. Rac1 Qxb3 29. Rb1 Rxd2 0-1

[Event "Lichtenrader Herbst 2012"]
[Site "Berlin - Lichtenrade"]
[Date "2012.09.29"]
[Round "1.13"]
[White "Bruedigam, Martin"]
[Black "Gruener, Reinhard"]
[Result "1-0"]
[WhiteElo "2291"]
[BlackElo "2113"]
[PlyCount "57"]
[EventDate "2012.??.??"]
[WhiteTeam "Potsdam USV"]
[BlackTeam "Lasker Steglitz-Wilmersd. SG"]

1. e4 c5 2. Nf3 d6 3. c3 Nf6 4. Be2 Nc6 5. d4 cxd4 6. cxd4 d5 7. e5 Ne4 8. O-O
e6 9. a3 Be7 10. b4 a6 11. Bb2 O-O 12. Nbd2 f5 13. exf6 Nxf6 14. Bd3 Qe8 15.
Ne5 Nxe5 16. dxe5 Nd7 17. Qg4 Nb8 18. f4 Qf7 19. Rac1 Nc6 20. Nb3 Bd7 21. Nc5
Bxc5+ 22. Rxc5 Kh8 23. Qh4 h6 24. g4 Be8 25. f5 Kg8 26. fxe6 Qxe6 27. Bf5 Qe7
28. Qxe7 Nxe7 29. Bh7+ 1-0

[Event "Lichtenrader Herbst 2012"]
[Site "Berlin - Lichtenrade"]
[Date "2012.09.29"]
[Round "1.14"]
[White "Ziems, Michael"]
[Black "Lauridsen, Jesper Morch"]
[Result "0-1"]
[WhiteElo "1829"]
[BlackElo "2248"]
[PlyCount "48"]
[EventDate "2012.??.??"]
[WhiteTeam "Berlin Empor SV"]

1. d4 g6 2. c4 Bg7 3. Nc3 Nf6 4. e3 O-O 5. Nf3 d6 6. Be2 c6 7. h4 Nbd7 8. Ng5
e5 9. d5 cxd5 10. cxd5 h6 11. Nh3 Nc5 12. h5 g5 13. Qc2 e4 14. f4 Bxh3 15. fxg5
Bd7 16. gxf6 Qxf6 17. Bd2 Rac8 18. a4 a6 19. a5 Rfe8 20. Qb1 Qg5 21. b4 Qxg2
22. Rf1 Nd3+ 23. Bxd3 exd3 24. Qxd3 Bxc3 0-1

[Event "Lichtenrader Herbst 2012"]
[Site "Berlin - Lichtenrade"]
[Date "2012.09.29"]
[Round "1.15"]
[White "Stachanczyk, Jacek"]
[Black "Kuester, Manfred"]
[Result "1-0"]
[WhiteElo "2247"]
[BlackElo "1933"]
[PlyCount "59"]
[EventDate "2012.??.??"]
[BlackTeam "Rehberge 1945 BSC"]

1. e4 d5 2. exd5 Nf6 3. Nf3 Bg4 4. Be2 Qxd5 5. Nc3 Qh5 6. O-O Nc6 7. h3 O-O-O
8. Re1 e5 9. hxg4 Nxg4 10. Ne4 f5 11. Ng3 Qf7 12. Ng5 Qf6 13. Bxg4 Qxg5 14.
Bxf5+ Kb8 15. d3 Qf6 16. Be3 h5 17. Qf3 h4 18. Ne4 Qf7 19. a3 h3 20. gxh3 g5
21. Bg4 Qg8 22. b4 Be7 23. Nc5 Bxc5 24. bxc5 Rf8 25. Qg2 Nd8 26. a4 Ne6 27.
Reb1 Nd8 28. c6 Qg6 29. cxb7 Rf4 30. Bxa7+ 1-0

[Event "Lichtenrader Herbst 2012"]
[Site "Berlin - Lichtenrade"]
[Date "2012.09.29"]
[Round "1.16"]
[White "Alcer, Fabian"]
[Black "Moeller, Hendrik"]
[Result "0-1"]
[WhiteElo "1724"]
[BlackElo "2259"]
[PlyCount "182"]
[EventDate "2012.??.??"]
[WhiteTeam "Berlin Empor SV"]
[BlackTeam "Berlin Weisse Dame SC"]

1. e4 c6 2. d4 d5 3. exd5 cxd5 4. Bd3 Nc6 5. c3 Qc7 6. Ne2 Bg4 7. O-O Nf6 8.
Bf4 Qxf4 9. Nxf4 Bxd1 10. Rxd1 e6 11. Bc2 Bd6 12. Nd3 O-O 13. Nd2 Rfc8 14. Nb3
a5 15. a4 Rc7 16. Ne1 Nd7 17. Bd3 Nb6 18. Nc2 Nc4 19. Bxc4 dxc4 20. Nd2 Ne7 21.
Ne3 Rac8 22. Ne4 Rd7 23. Nd2 Rdc7 24. Ne4 Bf4 25. g3 Bxe3 26. fxe3 Nd5 27. Kf2
Rc6 28. Ke2 f5 29. Nd2 Rb6 30. Rab1 Kf7 31. h3 Ke7 32. Rf1 Nf6 33. Rf2 Kd6 34.
Kd1 Rbc6 35. Ra1 Rb8 36. Kc2 Rc7 37. Rff1 Nd5 38. Rfe1 Nb6 39. e4 Rf8 40. Rf1
Rcf7 41. b3 cxb3+ 42. Kxb3 e5 43. dxe5+ Kxe5 44. Rae1 fxe4 45. Rxe4+ Kd5 46.
Rd4+ Kc6 47. Re1 Nd7 48. Re6+ Kc7 49. Rc4+ Kb8 50. Ne4 Rc8 51. Rxc8+ Kxc8 52.
Nd6+ Kc7 53. Nxf7 Nc5+ 54. Kc4 Nxe6 55. Kb5 b6 56. h4 Nc5 57. Ng5 h6 58. Nf3
Ne4 59. Kc4 Nxg3 60. Nd4 g6 61. Ne6+ Kd6 62. Nf4 g5 63. hxg5 hxg5 64. Nd5 Kc6
65. Nf6 Nf5 66. Ng4 Nd6+ 67. Kd4 Nb7 68. Ne5+ Kc7 69. Kc4 Nc5 70. Kb5 Ne4 71.
Kc4 Nf2 72. Nf3 g4 73. Nh4 g3 74. Kb5 Nd1 75. Kc4 Ne3+ 76. Kd3 g2 77. Nf3 Nd5
78. Ke2 Nxc3+ 79. Kf2 Nxa4 80. Kxg2 Kd6 81. Kf2 Kc5 82. Ke2 Kc4 83. Kd2 b5 84.
Kc2 b4 85. Nd2+ Kb5 86. Nb3 Nc5 87. Nd2 Na4 88. Nb3 Nc3 89. Kb2 a4 90. Nd2 Kc5
91. Ne4+ Nxe4 0-1

[Event "Lichtenrader Herbst 2012"]
[Site "Berlin - Lichtenrade"]
[Date "2012.09.29"]
[Round "1.17"]
[White "Rietze, Clemens"]
[Black "Hoffbauer, Joerg"]
[Result "1-0"]
[WhiteElo "2286"]
[BlackElo "1744"]
[PlyCount "43"]
[EventDate "2012.??.??"]
[WhiteTeam "Potsdam USV"]
[BlackTeam "SG Bund"]

1. e4 c5 2. Nf3 Nc6 3. d4 cxd4 4. Nxd4 Nf6 5. Nc3 d6 6. Bg5 a6 7. Qd2 Nxd4 8.
Qxd4 e5 9. Qd3 Be7 10. O-O-O Be6 11. Be2 Qa5 12. a3 O-O-O 13. Bd2 Qc7 14. Nd5
Nxd5 15. exd5 Bd7 16. Qb3 f5 17. Be3 e4 18. Bb6 Qb8 19. Qc4+ Bc6 20. dxc6 d5
21. cxb7+ Kxb7 22. Qxa6+ 1-0

[Event "Lichtenrader Herbst 2012"]
[Site "Berlin - Lichtenrade"]
[Date "2012.09.29"]
[Round "1.18"]
[White "Hoermann, David"]
[Black "Gaerths, Ronny"]
[Result "1/2-1/2"]
[WhiteElo "1731"]
[BlackElo "2251"]
[PlyCount "122"]
[EventDate "2012.??.??"]
[WhiteTeam "Berlin Weisse Dame SC"]
[BlackTeam "Kreuzberg SC"]

1. d4 Nf6 2. Nf3 c5 3. d5 g6 4. c4 Bg7 5. Nc3 d6 6. e4 O-O 7. Be2 Na6 8. O-O
Bg4 9. Bg5 Bxf3 10. Bxf3 Nc7 11. Qd2 Rb8 12. Bh6 Bxh6 13. Qxh6 b5 14. b3 bxc4
15. bxc4 Na6 16. Nb5 Qb6 17. Qd2 Nc7 18. Rab1 Nd7 19. Be2 Nf6 20. Bd3 Nxb5 21.
Rxb5 Qc7 22. Rfb1 Rxb5 23. Rxb5 Rb8 24. Qb2 Rxb5 25. Qxb5 g5 26. a4 a5 27. Bc2
h6 28. Bd3 Nd7 29. Be2 Ne5 30. h3 Kf8 31. g3 Nd7 32. Kg2 Nf6 33. Bd3 Qa7 34.
Kg1 Ne8 35. Kg2 Nc7 36. Qb2 f6 37. f4 gxf4 38. gxf4 Na6 39. Be2 Nb4 40. Bh5 Qd7
41. Qb3 e5 42. f5 Qg7+ 43. Bg6 h5 44. Qe3 Qh8 45. h4 Kg7 46. Qe2 Qh6 47. Bxh5
Kf8 48. Kh3 Qf4 49. Qg4 Qxg4+ 50. Bxg4 Nd3 51. Kg3 Nb2 52. Be2 Kg7 53. Kf3 Nxa4
54. Ke3 Nc3 55. Bd3 Kh6 56. Kd2 Na4 57. Be2 Nb6 58. Kc3 Nd7 59. Kb3 Nb6 60. Kc3
a4 61. Kb2 Kg7 1/2-1/2

[Event "Lichtenrader Herbst 2012"]
[Site "Berlin - Lichtenrade"]
[Date "2012.09.29"]
[Round "1.19"]
[White "Schnabel, Ralf"]
[Black "Binder, Thomas"]
[Result "1-0"]
[WhiteElo "2235"]
[BlackElo "1873"]
[PlyCount "43"]
[EventDate "2012.??.??"]
[WhiteTeam "Aue Nickelhütte ESV"]
[BlackTeam "Siemensstadt SF"]

1. e4 d5 2. exd5 Nf6 3. d4 Nxd5 4. Nf3 e6 5. c4 Nb6 6. Nc3 Be7 7. Be2 O-O 8.
O-O N8d7 9. Be3 c5 10. Rc1 cxd4 11. Qxd4 Nf6 12. Qf4 Bd6 13. Qh4 Be7 14. Rfd1
Bd7 15. Bd3 h6 16. Bxh6 e5 17. Bg5 g6 18. Nxe5 Nfd5 19. Nxg6 fxg6 20. Bxg6 Rf4
21. Qh7+ Kf8 22. Bh6# 1-0

[Event "Lichtenrader Herbst 2012"]
[Site "Berlin - Lichtenrade"]
[Date "2012.09.29"]
[Round "1.20"]
[White "Kornath, Heinrich"]
[Black "Lindemann, Christian"]
[Result "0-1"]
[WhiteElo "1889"]
[BlackElo "2231"]
[PlyCount "50"]
[EventDate "2012.??.??"]
[WhiteTeam "Berlin Eckturm SG"]
[BlackTeam "Neukölln Schwarz-Weiß"]

1. e4 c5 2. Nf3 e6 3. d4 cxd4 4. Nxd4 a6 5. Bd3 Nf6 6. Be3 Qc7 7. O-O h5 8. Qe2
Ng4 9. f4 Bc5 10. c3 Nxe3 11. Qxe3 d6 12. e5 Nc6 13. Kh1 dxe5 14. Nxe6 Bxe6 15.
Qxc5 exf4 16. Be4 O-O-O 17. Na3 Qe5 18. Qxe5 Nxe5 19. Rxf4 Rd2 20. b3 Rhd8 21.
Bc2 Bd5 22. Be4 g5 23. Bf5+ Kc7 24. Rd4 Bxg2+ 25. Kg1 Nf3# 0-1

[Event "Lichtenrader Herbst 2012"]
[Site "Berlin - Lichtenrade"]
[Date "2012.09.30"]
[Round "2.1"]
[White "Lock, Adrian"]
[Black "Danin, Alexandre"]
[Result "0-1"]
[WhiteElo "2041"]
[BlackElo "2568"]
[PlyCount "90"]
[EventDate "2012.??.??"]
[WhiteTeam "Kreuzberg SC"]
[BlackTeam "Wuppertal Tornado SC"]

1. e4 c5 2. b3 Nf6 3. e5 Nd5 4. Bb2 g6 5. Nf3 Bg7 6. Nc3 Nxc3 7. Bxc3 O-O 8.
Bd3 d5 9. exd6 Qxd6 10. O-O e5 11. Re1 f6 12. Rb1 Nc6 13. a3 a5 14. Bc4+ Kh8
15. h3 b6 16. Qc1 Bb7 17. Nh2 Ne7 18. Ng4 Nd5 19. Ne3 Nf4 20. Kh2 Qc6 21. g3
Qf3 22. Rf1 Nxh3 23. Qd1 Ng5 24. Be2 Qc6 25. f4 exf4 26. Rxf4 Rae8 27. Qf1 Qd6
28. Nc4 Qe6 29. Ne3 Ne4 30. Bc4 Qd6 31. Rd1 Nxc3 32. dxc3 Qe5 33. Ng2 Rd8 34.
Rd3 Qg5 35. Qd1 f5 36. Rxd8 Rxd8 37. Qe1 Qf6 38. Rf2 Be4 39. Rd2 Rf8 40. Nf4 g5
41. Nh3 g4 42. Nf2 Qh6+ 43. Kg1 Bxc3 44. Rd6 Qxd6 45. Qxc3+ Qd4 0-1

[Event "Lichtenrader Herbst 2012"]
[Site "Berlin - Lichtenrade"]
[Date "2012.09.30"]
[Round "2.2"]
[White "Romanishin, Oleg M"]
[Black "Heerde, Thomas"]
[Result "1-0"]
[WhiteElo "2526"]
[BlackElo "2023"]
[PlyCount "63"]
[EventDate "2012.??.??"]
[BlackTeam "Berlin Weisse Dame SC"]

1. d4 Nf6 2. Nf3 g6 3. g3 Bg7 4. c4 O-O 5. Bg2 d6 6. O-O Nbd7 7. Qc2 e5 8. Rd1
Re8 9. dxe5 dxe5 10. e4 c6 11. h3 Qc7 12. Be3 b6 13. Nc3 Nc5 14. b4 Ne6 15. a4
Bb7 16. a5 Rad8 17. axb6 axb6 18. Ra7 Rxd1+ 19. Qxd1 Rd8 20. Qa4 Rd3 21. Qc2
Rd8 22. Qa2 Nd7 23. Ng5 Nxg5 24. Bxg5 Rc8 25. Be3 Bf8 26. Qa3 Qb8 27. c5 bxc5
28. bxc5 Rd8 29. Bf1 Qc8 30. Qb4 Ba8 31. Ba6 Nxc5 32. Bxc8 1-0

[Event "Lichtenrader Herbst 2012"]
[Site "Berlin - Lichtenrade"]
[Date "2012.09.30"]
[Round "2.3"]
[White "Shapiro, Yosip"]
[Black "Rabiega, Robert"]
[Result "0-1"]
[WhiteElo "2094"]
[BlackElo "2515"]
[PlyCount "73"]
[EventDate "2012.??.??"]
[WhiteTeam "Berlin Berolina Mitte SV"]
[BlackTeam "Tegel 1949 König SK"]

1. Nf3 d5 2. c4 e6 3. g3 dxc4 4. Bg2 a6 5. a4 Nc6 6. Na3 Bxa3 7. Rxa3 Nf6 8.
Qc2 Qd5 9. O-O O-O 10. d3 cxd3 11. Rxd3 Qh5 12. Rc3 e5 13. Rxc6 bxc6 14. Qxc6
Bg4 15. h4 e4 16. Ng5 Bxe2 17. Re1 Bd3 18. Bd2 h6 19. Nh3 Qd5 20. Qc3 Rab8 21.
b4 Qd6 22. Nf4 Rfe8 23. Rc1 Ng4 24. Qxc7 Qxc7 25. Rxc7 Rec8 26. Nd5 Rxc7 27.
Nxc7 Rb7 28. Nd5 Rd7 29. f3 Rxd5 30. fxg4 Bc2 31. Be3 Bxa4 32. Bc5 Rd1+ 33. Kh2
Bc2 34. g5 hxg5 35. hxg5 Re1 36. g4 e3 37. Kg3 0-1

[Event "Lichtenrader Herbst 2012"]
[Site "Berlin - Lichtenrade"]
[Date "2012.09.30"]
[Round "2.4"]
[White "Stern, Rene"]
[Black "Witte, Ronald"]
[Result "1-0"]
[WhiteElo "2517"]
[BlackElo "2027"]
[PlyCount "75"]
[EventDate "2012.??.??"]
[WhiteTeam "Tegel 1949 König SK"]
[BlackTeam "Berlin Weißensee Chemie BSV"]

1. d4 Nf6 2. c4 e6 3. Nc3 Bb4 4. Bd2 O-O 5. Nf3 b6 6. e3 Bb7 7. Bd3 Bxc3 8.
Bxc3 Ne4 9. Bxe4 Bxe4 10. d5 c5 11. Nd2 Bg6 12. h4 f5 13. Qf3 Na6 14. h5 Be8
15. Qg3 Rf7 16. h6 f4 17. exf4 g6 18. d6 Nb4 19. O-O Nc6 20. Ne4 Rf5 21. Rad1
a6 22. Bg7 b5 23. b3 Rc8 24. Qe3 Nd4 25. Bxd4 cxd4 26. Qxd4 Rf7 27. Ng5 Rf6 28.
c5 Rc6 29. b4 Rc8 30. Qe5 Rc6 31. g3 Rc8 32. Rfe1 Ra8 33. Re3 a5 34. bxa5 Rxa5
35. a3 Ra4 36. Rd4 Rxd4 37. Qxd4 e5 38. Qxe5 1-0

[Event "Lichtenrader Herbst 2012"]
[Site "Berlin - Lichtenrade"]
[Date "2012.09.30"]
[Round "2.5"]
[White "Konrad, Erhard"]
[Black "Hansen, Torbjorn Ringdal"]
[Result "0-1"]
[WhiteElo "2015"]
[BlackElo "2458"]
[PlyCount "56"]
[EventDate "2012.??.??"]
[WhiteTeam "Lasker Steglitz-Wilmersd. SG"]

1. Nf3 Nf6 2. g3 g6 3. Bg2 Bg7 4. O-O O-O 5. d3 d5 6. Nbd2 Nc6 7. e4 e5 8. c3
a5 9. Qe2 Re8 10. Rd1 h6 11. Nf1 Be6 12. exd5 Nxd5 13. Ne3 Qd7 14. Qc2 Rad8 15.
Nxd5 Bxd5 16. Be3 b6 17. Rd2 f5 18. Ne1 Rf8 19. Bxd5+ Qxd5 20. f3 Kh7 21. Qb3
Qd6 22. Rg2 Ne7 23. Bf2 Nd5 24. Qc2 c5 25. Rb1 Qe6 26. a3 Nf6 27. b4 e4 28. Qe2
Nd5 0-1

[Event "Lichtenrader Herbst 2012"]
[Site "Berlin - Lichtenrade"]
[Date "2012.09.30"]
[Round "2.6"]
[White "Kalinitschew, Sergey"]
[Black "Pesola, Jyrki"]
[Result "1-0"]
[WhiteElo "2469"]
[BlackElo "1918"]
[PlyCount "51"]
[EventDate "2012.??.??"]
[WhiteTeam "Kreuzberg SC"]

1. d4 f5 2. g3 Nf6 3. Bg2 e6 4. Nf3 Be7 5. c4 O-O 6. O-O d6 7. b4 c6 8. Bb2 Qe8
9. Nbd2 d5 10. Qb3 Qh5 11. b5 Nbd7 12. a4 Ne4 13. Rad1 g5 14. Ba3 Qf7 15. Nxe4
fxe4 16. Ne5 Nxe5 17. dxe5 Qg7 18. Bb2 Bd8 19. bxc6 bxc6 20. cxd5 cxd5 21. Rxd5
exd5 22. Qxd5+ Qf7 23. Qxa8 Bb7 24. Qxa7 Qb3 25. Bd4 Bc7 26. Qc5 1-0

[Event "Lichtenrader Herbst 2012"]
[Site "Berlin - Lichtenrade"]
[Date "2012.09.30"]
[Round "2.7"]
[White "Muench, Robert"]
[Black "Meister, Jakob"]
[Result "0-1"]
[WhiteElo "1965"]
[BlackElo "2484"]
[PlyCount "118"]
[EventDate "2012.??.??"]
[WhiteTeam "Treptower SV"]
[BlackTeam "Zehlendorf SK"]

1. d4 Nf6 2. Nf3 e6 3. c4 c5 4. d5 exd5 5. cxd5 d6 6. Nc3 g6 7. e4 Bg7 8. Bf4
O-O 9. h3 Re8 10. Nd2 a6 11. a4 Nbd7 12. Be2 Ne5 13. O-O Nfd7 14. Bg3 g5 15.
Re1 Nf8 16. Nf1 f5 17. exf5 Bxf5 18. Ne3 Bg6 19. f3 Nfd7 20. Ne4 Qe7 21. Nc4
Bxe4 22. fxe4 Nxc4 23. Bxc4 Bxb2 24. Rb1 Be5 25. Bf2 Rab8 26. Qg4 Qg7 27. Rb3
Nf6 28. Qd1 Rbc8 29. Qb1 Rc7 30. Qd3 Kh8 31. Bg3 Nd7 32. Bf2 Bd4 33. Bxd4 Qxd4+
34. Qxd4+ cxd4 35. Bf1 Nc5 36. Rb4 Rxe4 37. Rxe4 Nxe4 38. Rxd4 Re7 39. Bd3 Nc5
40. Kf2 Kg7 41. Bc2 Kf6 42. h4 h6 43. hxg5+ hxg5 44. Rd1 b5 45. axb5 axb5 46.
Kf3 Ra7 47. Rb1 Ra2 48. Bh7 Ra3+ 49. Ke2 Rb3 50. Rf1+ Kg7 51. Bc2 Rg3 52. Kf2
Rc3 53. Bf5 b4 54. Ke2 Rg3 55. Kf2 Ra3 56. Bb1 Ra1 57. Ke3 Ra3+ 58. Ke2 Na4 59.
Bc2 Ra2 0-1

[Event "Lichtenrader Herbst 2012"]
[Site "Berlin - Lichtenrade"]
[Date "2012.09.30"]
[Round "2.8"]
[White "Von Herman, Ulf"]
[Black "Yuan, Yizheng"]
[Result "1-0"]
[WhiteElo "2416"]
[BlackElo "1915"]
[PlyCount "99"]
[EventDate "2012.??.??"]
[WhiteTeam "Tegel 1949 König SK"]
[BlackTeam "Berlin 1903 Sfrd."]

1. g3 Nf6 2. Bg2 e6 3. Nf3 b6 4. c4 Bb7 5. d4 Be7 6. O-O O-O 7. d5 Na6 8. Nc3
Nc5 9. b3 Nfe4 10. Nxe4 Nxe4 11. Bb2 Bf6 12. Ne5 exd5 13. cxd5 Qe7 14. f4 d6
15. Bxe4 dxe5 16. Qd3 h6 17. Rac1 Rac8 18. f5 Rfd8 19. Qf3 Qd6 20. Rfd1 a5 21.
Rd3 Be7 22. Rc2 Qf6 23. Bc1 Bc5+ 24. Kg2 Qd6 25. h4 Ba6 26. Rdd2 Bb5 27. g4 f6
28. a4 Bd7 29. Rd1 Ba3 30. Be3 Kf7 31. Bd3 Bb4 32. Ba6 Ra8 33. Bc4 Ke7 34. Qe4
Rh8 35. Bb5 Rad8 36. Bxd7 Rxd7 37. Rd3 Rdd8 38. Rc6 Qd7 39. Re6+ Kf7 40. g5 Bd6
41. g6+ Kf8 42. Rc3 Rb8 43. Rc6 Qd8 44. Qc4 Rg8 45. h5 Rh8 46. Kf3 Rg8 47. Ke4
Rh8 48. Bc1 Bc5 49. Rxc5 bxc5 50. Ba3 1-0

[Event "Lichtenrader Herbst 2012"]
[Site "Berlin - Lichtenrade"]
[Date "2012.09.30"]
[Round "2.10"]
[White "Wendt, Jan-Dietrich"]
[Black "Buttkus, Andre"]
[Result "1-0"]
[WhiteElo "2362"]
[BlackElo "2049"]
[PlyCount "89"]
[EventDate "2012.??.??"]
[WhiteTeam "Berlin 1903 Sfrd."]
[BlackTeam "Tempelhof 1931 SK"]

1. Nf3 c5 2. c4 g6 3. d4 cxd4 4. Nxd4 Nc6 5. e4 Nf6 6. Nc3 d6 7. f3 Nxd4 8.
Qxd4 Bg7 9. Be3 O-O 10. Qd2 a5 11. Na4 Nd7 12. Be2 b6 13. O-O Nc5 14. Nc3 Bb7
15. Rac1 Bc6 16. b3 Ra7 17. Rfd1 Qb8 18. Bf1 Re8 19. Bg5 Na6 20. Be3 Nc5 21.
Qf2 Rf8 22. Nd5 e6 23. Nc3 f5 24. exf5 Rxf5 25. Bd3 Rf8 26. Qh4 d5 27. cxd5
exd5 28. Bf1 Rf5 29. Bd4 Bxd4+ 30. Qxd4 Ne6 31. Qg4 Qe5 32. Re1 Qf6 33. Bd3 h5
34. Qg3 Qd4+ 35. Kh1 Rg5 36. Qb8+ Nf8 37. Qxa7 Qxd3 38. Qxb6 Qd2 39. Ne2 Bd7
40. Qf6 Rf5 41. Qa1 Rg5 42. Rcd1 Qe3 43. Qc1 Qe7 44. Nc3 Qd8 45. Nxd5 1-0